| 000 | 01364cam a2200313 a 4500 | ||
|---|---|---|---|
| 001 | 3575465 | ||
| 003 | NUST-PNEC | ||
| 005 | 20170116180703.0 | ||
| 008 | 990218s1999 njua b 001 0 eng | ||
| 010 | _a 99022296 | ||
| 020 | _a0130138517 | ||
| 040 |
_aDLC _cPNEC _dDLC |
||
| 050 | 0 | 0 |
_aQA297 _b.C6494 1999 |
| 082 | 0 | 0 | _a660.015194 CON |
| 100 | 1 | _aConstantinides, A. | |
| 245 | 1 | 0 |
_aNumerical methods for chemical engineers with MATLAB applications / _cAlkis Constantinides, Navid Mostoufi. |
| 260 |
_aUpper Saddle River, N.J. : _bPrentice Hall PTR, _cc1999. |
||
| 300 |
_axxv, 559 p. : _bill. ; _c25 cm. + _e. |
||
| 440 | 0 | _aPrentice-Hall international series in the physical and chemical engineering sciences | |
| 500 | _ahttp://www.amazon.com/Numerical-Methods-Chemical-Engineers-Applications/dp/0130138517/ref=sr_1_1?s=books&ie=UTF8&qid=1410758362&sr=1-1&keywords=0130138517 | ||
| 504 | _aIncludes bibliographical references and index. | ||
| 630 | 0 | 0 | _aMATLAB. |
| 650 | 0 |
_aNumerical analysis _xData processing. |
|
| 650 | 0 |
_aChemical engineering _xMathematics _xData processing. |
|
| 700 | 1 | _aMostoufi, Navid. | |
| 906 |
_a7 _bcbc _corignew _d1 _eocip _f19 _gy-gencatlg |
||
| 942 |
_2ddc _cBK |
||
| 999 |
_c60640 _d60640 |
||